| 000 | 01026naa a2200241 4500 | ||
|---|---|---|---|
| 005 | 20090821110445.0 | ||
| 008 | 090821t xxu||||| |||| 00| 0 eng d | ||
| 010 | _aENG-94780 | ||
| 020 |
_c275.00 _a9788187496809 |
||
| 035 | _aEN-78313 | ||
| 037 | _bDBAD / PUB | ||
| 040 |
_adpl _bEnglish |
||
| 082 | _a980.035092 | ||
| 100 | _aFerrer, Carlos "Calica" | ||
| 245 |
_aBecoming Che: _cby Carlos "Calica" Ferrer; translated from the Spanish by Sarah L. Smith; foreword by Alberto Granado _bGuevara's second and final trip through Latin America / |
||
| 260 |
_aNew Delhi _bLeftword Books _c2009 |
||
| 270 |
_a12 Rajendra Prasad Road, _bNew Delhi _e110 001 |
||
| 300 |
_a184p. : _c22cm(pbk) _bb&w photos |
||
| 600 |
_aGuevara, Ernesto _d1928-1967 |
||
| 700 | _aSmith, Sarah L. | ||
| 942 |
_adpl _cEN _2ddc _mFER _h980.035092 |
||
| 999 |
_c29360 _d29360 |
||